00779nam a22002177a 450000500170000001000150001702000260003203500140005803700090007208200150008110000240009624500520012025000060017226000340017827000700021230000200028250000530030294200260035599900190038195201610040020260602101551.0 aENG-148691 a9789349042285c599.00 aEN-132223 bDBAD a347.97221 aBedi, Shruti984525 aIn Her Honour/cShruti Bedi [and] Navdeep Singh a1 aChandigarhbThe Browserc2026 bChandigarhaSCO 14-15, Sector 8-Ce160009mservice@thebrowser.org a178p.c22cm(hb) aStories of India's First Women High Court Judges 2ddccENh347.972mBED c216441d216441 001040718NFICaDBADbDBADd2026-06-02eDelivery of Books Act Divisiong599.00l0o347.972 BEDpEN-132223r2026-06-02 10:16:13t 1v599.00w2026-06-02yEN